Der Sarg des Panehemisis in Wien /

محفوظ في:

المؤلف الرئيسي: Leitz, Christian (Egyptologist) (مؤلف)

مؤلفون آخرون: Altmann-Wendling, Victoria (المصور)

التنسيق: كتاب

اللغة: German

منشور في: Wiesbaden : Harrassowitz Verlag, 2011-2014.

سلاسل: Studien zur spätägyptischen Religion ; 3, 3,2.
SSR ; 3, 3,2.

الموضوعات:

الوسوم: إضافة وسم

لا توجد وسوم, كن أول من يضع وسما على هذه التسجيلة!

رقم الطلب: PJ1521 .L45 v.1-2

LEADER 01562nam a22003617a 4500
003 OSt
005 20251020091421.0
008 251020m20112014gw a b 001 0 ger d
020 |a 9783447062374 (v. 1 : hd.bd.) 
020 |a 9783447102308 (v. 2 : hd.bd.) 
040 |c ARCE Library 
043 |a f-ua--- 
050 1 4 |a PJ1521  |b .L45 v.1-2 
100 1 |a Leitz, Christian   |c (Egyptologist),   |e author 
245 1 4 |a Der Sarg des Panehemisis in Wien /   |c Christian Leitz ; Zeichnungen von Victoria Altmann. 
264 1 |a Wiesbaden :   |b Harrassowitz Verlag,   |c 2011-2014. 
300 |a 2 volumes :   |b illustrations ;   |c 31 cm. +   |e 1 DVD-ROM (4 3/4 in.). 
490 1 |a Studien zur spätägyptischen Religion,   |x 2190-3646 ;   |v 3, 3,2. 
490 1 |a SSR ;   |v 3, 3,2. 
500 |a  "Mit einer detaillierten Bilddokumentation der Särge des Panehemisis und Horemhab auf DVD"--V. 1, title page. 
500 |a Volume 2 has title: Der Sarg des Panehemisis in Wien : Paläographie / Victoria Altmann-Wendling. 
504 |a Includes bibliographical references and indexes. 
546 |a  Texts in Egyptian (hieroglyphic and transliterated), with German translations. 
610 2 0 |a Kunsthistorisches Museum Wien.   |b Ägyptisch-Orientalische Sammlung. 
650 0 |a Inscriptions, Egyptian. 
650 0 |a Sarcophagi  |z Egypt. 
651 0 |a Egypt  |x Antiquities. 
700 1 |a Altmann-Wendling, Victoria,   |e illustrator,  
830 0 |a Studien zur spätägyptischen Religion ;   |v 3, 3,2. 
830 0 |a SSR ;   |v 3, 3,2. 
901 |a reviewed 
942 |c BK  |2 lcc 
999 |c 23659  |d 23659